Los " piqueteros": trabajo, subjetividad y acción colectiva en el Movimiento de Desocupados en Argentina /

Spremljeno u:
Bibliografski detalji
Glavni autor: Retamozo, Martín
Format: Tekst
Teme:
Oznake: Dodaj oznaku
Bez oznaka, Budi prvi tko označuje ovaj zapis!

MARC

LEADER 00000 a a2200000 04500
001 774
003
040
100 |a Retamozo, Martín  
245 |a Los " piqueteros":   |b trabajo, subjetividad y acción colectiva en el Movimiento de Desocupados en Argentina /  |c Martín Retamozo 
650 |a MOVILIZACION SOCIAL  
650 |a TRABAJO  
650 |a DESEMPLEO  
650 |a PROTESTANTES  
650 |a ESTADO  
650 |a ARGENTINA  
773 |g volumen 42; páginas 109-128  
999 |c 24515  |d 24515